| 000 | 01162nam a2200229Ii 4500 | ||
|---|---|---|---|
| 003 | JO-AjNU | ||
| 008 | 230605s9999||||xx |||||||||||||| ||und|| | ||
| 017 | _a2014/2322 | ||
| 020 | _a978-977-473-080-1 | ||
| 040 |
_aJO-AjNU _bara _erda _cJO-AjNU |
||
| 041 | _aara | ||
| 050 | 1 | 4 | _aHD2741 2014 |
| 100 | 3 |
_aالمنظمة العربية للتنمية الادارية, _eauthor _952035 |
|
| 245 | 0 | 0 | _aحالة الحوكمة والادارة العامة في الدول العربية : بحوث واوراق مؤتمر( حالة الحوكمة والادارة العامة فب الدول العربية : خيارات ام تحديات ومتطلبات جديدة) عمان -المملكة الاردنية الهاشمية ديسمبر 2013 |
| 264 | 3 | 1 | _aالقاهرة: المنظمة العربية للتنمية الادارية، 2014 |
| 300 |
_a400ص _bيحتوي على ببلوغرافية من 399-400ص |
||
| 336 |
_atext _btxt _2rdacontent |
||
| 337 |
_aunmediated _bn _2rdamedia |
||
| 338 |
_avolume _bnc _2rdacarrier |
||
| 490 | 0 | _aاعمال مؤتمرات | |
| 650 | 4 |
_aالحوكمة - الادارة - العالم العربي _952036 |
|
| 999 |
_aA23026 _c26594 _d26594 |
||